| 000 | 00691nam a2200217Ia 4500 | ||
|---|---|---|---|
| 003 | GCL | ||
| 008 | 140319s9999 xx 000 0 ara d | ||
| 040 |
_aGCL / _cGCL |
||
| 082 | 0 | 4 |
_a323.11 _bم م |
| 100 | 1 | _aمحمد عبدالقادر احمد عطا | |
| 245 | 1 | 0 |
_aماساة البوسنة والهرسك / _cمحمد عبدالقادر احمد عطا |
| 260 |
_a[S.N] : _bمكتبة النهضة المصرية ، _c1993 |
||
| 300 | _a174 ص | ||
| 490 | _a | ||
| 650 | 0 | 4 | _aالاحوال السياسية |
| 650 | 0 | 4 | _aالحرب |
| 650 | 0 | 4 | _aالبوسنة والهرسك |
| 650 | 0 | 4 | _aالمسلمون فى اوربا |
| 650 | 0 | 4 | _aيوغسلافيا |
| 942 |
_2ddc _cBK |
||
| 999 |
_c30377 _d30377 |
||